书目信息 |
| 题名: |
秘书语言艺术
|
|
| 作者: | 卿成 , 刘智勇 主编 | |
| 分册: | ||
| 出版信息: | 成都 电子科技大学出版社 1997 |
|
| 页数: | 230页 | |
| 开本: | 21cm | |
| 丛书名: | 现代秘书艺术全书 | |
| 单 册: | ||
| 中图分类: | C931.46 , H019 | |
| 科图分类: | ||
| 主题词: | 秘书--语言艺术 , 秘书 , 语言艺术 | |
| 电子资源: | ||
| ISBN: | 7-81043-563-9 | |
| 000 | 00925oam2 2200301 45 | |
| 001 | 01200620000018 | |
| 005 | 20070705145519.79 | |
| 010 | @a7-81043-563-9@dCNY214.00(全10册) | |
| 092 | @aCN@b493187 | |
| 100 | @a20060506e20051997em y0chiy0120 ea | |
| 101 | 0 | @achi |
| 102 | @aCN@b510000 | |
| 105 | @ak z 000yy | |
| 200 | 1 | @a秘书语言艺术@9mi shu yu yan yi shu@f卿成,刘智勇主编 |
| 210 | @a成都@c电子科技大学出版社@d1997@h2005重印 | |
| 215 | @a230页@d21cm | |
| 225 | 2 | @a现代秘书艺术全书 |
| 330 | @a本书主要内容:秘书与语言艺术、秘书语言得体性、秘书日常工作语言表达技巧、秘书语言的魅力、秘书体态语的运用等。 | |
| 461 | 0 | @12001 @a现代秘书艺术全书 |
| 606 | 0 | @a秘书@x语言艺术 |
| 606 | 0 | @a秘书 |
| 606 | 0 | @a语言艺术 |
| 690 | @aC931.46@v4 | |
| 690 | @aH019@v4 | |
| 701 | 0 | @a卿成@9qing cheng@4主编 |
| 701 | 0 | @a刘智勇@9liu zhi yong@4主编 |
| 801 | 0 | @aCN@bLZJBOOK@c20070705 |
| 905 | @a10447@dC931.46@e334 | |
| 秘书语言艺术/卿成,刘智勇主编.-成都:电子科技大学出版社,1997(2005重印) |
| 230页;21cm.-(现代秘书艺术全书) |
| ISBN 7-81043-563-9:CNY214.00(全10册) |
| 本书主要内容:秘书与语言艺术、秘书语言得体性、秘书日常工作语言表达技巧、秘书语言的魅力、秘书体态语的运用等。 |
| ● |
| 相关链接 |
|
|
|
|
正题名:秘书语言艺术
索取号:C931.46/334
 
预约/预借
| 序号 | 登录号 | 条形码 | 馆藏地/架位号 | 状态 | 备注 |
| 1 | 0563989 | 205639898 | 第一样本阅览室/ [索取号:C931.46/334] | 在馆 | |
| 2 | 0563990 | 205639905 | 第一借阅区/ [索取号:C931.46/334] | 在馆 | |
| 3 | 0563991 | 205639914 | 密集书库/ [索取号:C931.46/334] | 在馆 | |
| 4 | 0563992 | 205639923 | 第一借阅区/ [索取号:C931.46/334] | 在馆 | |
| 5 | 0563993 | 205639932 | 第一借阅区/ [索取号:C931.46/334] | 在馆 | |
| 6 | 0563994 | 205639941 | 密集书库/ [索取号:C931.46/334] | 在馆 | |
| 7 | 0563995 | 205639950 | 密集书库/ [索取号:C931.46/334] | 在馆 | |
| 8 | 0563996 | 205639969 | 密集书库/ [索取号:C931.46/334] | 在馆 |